000 00624nam a2200241Ia 4500
003 OSt
005 20221007071616.0
006 a|||||r|||| 00| 0
007 ta
008 221006b |||||||| |||| 00| 0 eng d
024 _a24,888
037 _cTextual
040 _aFLL
_cFLL
_beng
041 _2eng
_aeng
082 _aZ30aY, M1
100 _aPearl David
245 0 _aSocial welfare law
260 _aLondon
_bCroom Helm London London
_c1981
300 _a1-308p
_ccm.
700 _a Gray Kevin
_9153936
942 _hZ30aY, M1
_cTEXL
_2CC
999 _c1143800
_d1143800